عرض عادي
عرض مارك
- Autopsy
مدخل مصطلح موضوعي
001 - رقم الضبط
- حقل الضبط: 64790
003 - معرف رقم الضبط
- حقل الضبط: OSt
005 - تاريخ ووقت أخر عملية
- حقل الضبط: 20180904160333.0
008 - عناصر بيانات ثابتة الطول
- حقل تحكم ثابت الطول: 180904|| aca||aabn | a|a d
040 ## - مصدر الفهرسة
- هيئة الفهرسة الأصلية: OSt
- وكالة الكتابة: OSt
150 ## - مدخل-- مصطلح تاريخي
- عنصر مدخل المصطلح الموضوعي او الاسم الجغرافي: Autopsy
- تفريع شكلي: Case studies.
670 ## - بيانات المصدر موجوده
- الاستشهاد بالمصدر: Work cat.: (OSt)0: Factor, Stephen M., 1942- 64787, Handbook of pathology and pathophysiology of cardiovascular disease /, c2002.
